| 000 | 00486nam a2200133 a 4500 | ||
|---|---|---|---|
| 008 | 120416s0000 ||||||||||||||||| || u | ||
| 020 | _a0903102579 | ||
| 050 | _aND 1320.6 Pol | ||
| 100 | _aPolunin, Vladimir | ||
| 245 | 1 | 4 | _aThe continental method of scene painting |
| 260 |
_aLondon _bDance Books Ltd _c1980 |
||
| 350 | _a0.00 | ||
| 995 |
_D0.00 _FCBU-MAIN LIBRARY (Kitwe) _H1 _I8.95 _M1 _UAVAILABLE _ZAnnex Low-Usage Collection |
||
| 999 |
_c38665 _d38665 |
||